Statistics for You're Not Sorry (TV) - Taylor Swift (All Lyrics)

Click here to take the quiz!

General Stats

  • This quiz has been taken 33 times
    (22 since last reset)
  • The average score is 277 of 308

Answer Stats

Lyrics% Correct
All
100%
all
100%
And
100%
and
100%
be
100%
believe
100%
But
100%
but
100%
can
100%
do
100%
don't
100%
Don't
100%
have
100%
I
100%
if
100%
I'm
100%
in
100%
is
100%
it
100%
it's
100%
know,
100%
know
100%
last
100%
me
100%
never
100%
no,
100%
No,
100%
no
100%
not
100%
of
100%
oh,
100%
oh
100%
Oh,
100%
So
100%
so
100%
sorry
100%
straw
100%
tell
100%
that
100%
the
100%
this
100%
This
100%
time,
100%
time
100%
to
100%
up
100%
won't
100%
you
100%
you,
100%
You
100%
your
100%
You're
100%
you're
100%
baby,
90%
before
90%
bein'
90%
did
90%
didn't
90%
for
90%
like
90%
tired
90%
would
90%
anymore
80%
around
80%
call
80%
'cause
80%
got
80%
had
80%
hurt
80%
I've
80%
my
80%
now
80%
phone
80%
pick
80%
wanna
80%
was
80%
you've
80%
been
70%
cold
70%
come
70%
down
70%
hopin'
70%
left
70%
nothin'
70%
out
70%
There's
70%
thinkin'
70%
every
60%
life
60%
loved
60%
we'll
60%
Woah,
60%
away,
50%
beg
50%
Could've
50%
each
50%
fade
50%
figured
50%
givin'
50%
gone
50%
hadn't
50%
honey,
50%
innocent,
50%
let
50%
lookin'
50%
might
50%
secrets
50%
share
50%
waitin'
50%
watched
50%
worked
50%
would've
50%
again,
40%
askin'
40%
chances
40%
fine
40%
listen
40%
long,
40%
taken
40%
bright,
30%
crawlin'
30%
shine
30%
used
30%
wastin',
30%

Score Distribution

Percentile by Number Answered

Percent of People with Each Score

Your Score History

You have not taken this quiz since the last reset